| 000 | 00561nam a22002177a 4500 | ||
|---|---|---|---|
| 999 |
_c5291 _d5291 |
||
| 001 | 5291 | ||
| 003 | BD-JhCC | ||
| 005 | 20180211192644.0 | ||
| 008 | 171212s1963 enka|||| ||a| 000 0 eng d | ||
| 035 | _a(BD-JhCC)5291 | ||
| 040 |
_aBD-JhCC _dBD-JhCC |
||
| 041 | _aeng | ||
| 082 |
_a915.10305 _bSVE 1963 |
||
| 245 |
_aSven Lindqvist : China in crisis / _cSylvia Clayton |
||
| 260 |
_aLondon : _bFaber and Faber, _c1963. |
||
| 300 |
_a125 p. : _c22 cm. |
||
| 650 |
_aChina _xIntellectual Life |
||
| 700 | _aClayton, Sylvia | ||
| 942 |
_2ddc _cBK |
||